000 01106cam a2200301 a 4500
008 140102s2009 sp a s f000 0 spa
020 _a9788449201561
040 _aEG-GiCUC
_bspa
_cEG-GiCUC
041 1 _aspa
_hnah
043 _an-mx---
050 0 0 _aF1230
092 0 4 _a972.020924
_bV8312
_221
099 _a04
_a972.020924 V8312
245 0 0 _aVision de los vencidos /
_cEdicion de Miguel Leon Portilla.
260 _aLas Rozas, Madrid :
_bDastin,
_cc2009.
520 _aCollection of writings originally in Nahuatl about the Conquest of Mexico from the Aztec point of view.
650 0 _aAztecs
_xFirst contact with Europeans
_vSources.
650 0 _aIndians of Mexico
_xFirst contact with Europeans
_vSources.
650 0 _aNahuatl literature
_vTranslations into Spanish.
651 0 _aMexico
_xHistory
_yConquest, 1519-1540
_vSources.
700 1 _aLeon Portilla, Miguel.
856 4 0 _uhttp://biblioweb.dgsca.unam.mx/libros/vencidos/
902 _a2
905 _aJamal
_eRev.
905 _aJihan
_eCat.
942 _2ddc
_cBK
999 _c131579
_d131579